000 00984nam a22003017a 4500
001 9834
003 FISKH
005 20260304090951.0
008 260304b cb ||||| |||| 00| 0 eng d
020 _a0333174569
040 _aFISKH
_beng
_cFISKH
_dFISKH
050 _aTN880 .R49
082 _a 553.285
100 _aRidpath , Ian
245 _aMan and materials :
_bGas /
_cSeries Editor Ian Ridpath
250 _aFirst printed 1975
260 _aLondon :
_bMacmillan Publishers ,
_c1975 .
300 _a31 pages :
_bcolor illustrations ;
_c21 cm .
505 _aR
520 _aAn introduction to fuel gas including the origin and production of natural gas and a variety of man-made gases and their present and future uses
521 8 _a750
_bLexile estimate
521 8 _aR
_bRaz-Plus
650 _aIndustry
_vNon-fiction
650 _aNatural gas
_vNon-fiction
700 _aGunston , Bill
_eSeries Adviser
942 _2ddc
_cBK
_n0
999 _c9834
_d9834